| 000 | 01081nam a2200253 i 4500 | ||
|---|---|---|---|
| 001 | 37546 | ||
| 003 | ES-MaACL | ||
| 005 | 20250822035246.0 | ||
| 007 | t| | ||
| 008 | 030221s1967 sp ||||1| spa d | ||
| 100 | 1 |
_aCabaleiro Goas, Manuel. _933063 |
|
| 245 | 1 | 0 |
_aProblemas psíquicos de la emigración / _cponentes, Drs. Manuel Cabaleiro Goas y Francisco Morales Asín. |
| 260 |
_aMadrid : _bPatronato Nacional de Asistencia Psiquiátrica, _c1967. |
||
| 300 |
_a124 p. ; _c24 cm. |
||
| 490 | 1 | _aPublicaciones del Patronato Nacional de Asistencia Psiquiátrica. Monografías | |
| 594 | _aPrecede al tít.: Seminario de Higiene Mental organizado por el P.A.N.A.P. (15-16 de octubre de 1967). Orense. | ||
| 650 | 4 |
_aEmigrantes. _9165899 |
|
| 650 | 7 |
_aPsicología social _2embne _916573 |
|
| 700 | 1 |
_aMorales Asín, Francisco. _983015 |
|
| 710 | 2 |
_aPatronato Nacional de Asistencia Psiquiátrica (España) _96191 |
|
| 830 | 1 |
_aPublicaciones del Patronato Nacional de Asistencia Psiquiátrica. Monografías _9181099 |
|
| 852 |
_aES-MaACL _jC-37845 |
||
| 999 |
_c37546 _d37546 |
||